Podpora podnikateľských aktivít zo strany Európskej únie
Príspevok má teoretický charakter. Jeho zámerom je poskytnúť pohľad na dôležitosť podnikateľských aktivít v prepojení na jednotlivé regióny a na význam podporných mechanizmov. Vzhľadom na zameranie konferencie sa autor orientuje hlavne na podporu zo strany Európskej únie a uplatňovanú politiku podpo...
Gespeichert in:
| 1. Verfasser: | |
|---|---|
| Format: | Buchkapitel |
| Sprache: | Slowakisch |
| Schlagworte: | |
| Tags: |
Keine Tags, Fügen Sie das erste Tag hinzu!
|
MARC
| LEADER | 00000naa$a2200000$$$4500 | ||
|---|---|---|---|
| 001 | 0298764 | ||
| 005 | 20240502074533.0 | ||
| 041 | 0 | |a slo | |
| 044 | |a SK | ||
| 245 | 1 | 0 | |a Podpora podnikateľských aktivít zo strany Európskej únie |c Ladislav Mura |
| 520 | |a Príspevok má teoretický charakter. Jeho zámerom je poskytnúť pohľad na dôležitosť podnikateľských aktivít v prepojení na jednotlivé regióny a na význam podporných mechanizmov. Vzhľadom na zameranie konferencie sa autor orientuje hlavne na podporu zo strany Európskej únie a uplatňovanú politiku podpory podnikania. Parciálnym cieľom je vyvolať diskusiu k tejto parciálnej problematike teórie podnikania a teórie malých a stredných podnikov. | ||
| 610 | 2 | 0 | |a podpora podnikania |
| 610 | 2 | 0 | |a podnik malý |
| 610 | 2 | 0 | |a podnik stredný |
| 610 | 2 | 0 | |a rozvoj regionálny |
| 610 | 2 | 0 | |a Európska únia |
| 100 | 1 | |a Mura, Ladislav, 1979- | |